Calculus with analytic geometry (Record no. 77999)

MARC details
000 -LEADER
fixed length control field 00765nam a2200193 a 4500
008 - FIXED-LENGTH DATA ELEMENTS--GENERAL INFORMATION
fixed length control field 120416s1985 ||||||||||||||||| || u
020 ## - INTERNATIONAL STANDARD BOOK NUMBER
International Standard Book Number 0070574197
050 ## - LIBRARY OF CONGRESS CALL NUMBER
Classification number QA 303 Sim
100 ## - MAIN ENTRY--PERSONAL NAME
Personal name Simmons, George F
245 10 - TITLE STATEMENT
Title Calculus with analytic geometry
260 ## - PUBLICATION, DISTRIBUTION, ETC.
Place of publication, distribution, etc. New York
Name of publisher, distributor, etc. McGraw-Hill
Date of publication, distribution, etc. 1985
300 ## - PHYSICAL DESCRIPTION
Extent xxi, 950p. : ill
350 ## -
-- 0.00
650 #0 - SUBJECT ADDED ENTRY--TOPICAL TERM
Topical term or geographic name entry element MATHEMATICS--HANDBOOKS, MANUALS, ETC
650 ## - SUBJECT ADDED ENTRY--TOPICAL TERM
Topical term or geographic name entry element GEOMETRY, ANALYTIC
650 #0 - SUBJECT ADDED ENTRY--TOPICAL TERM
Topical term or geographic name entry element CALCULUS
995 ## -
-- MAIN LIBRARY OPEN ACCESS
-- 0.00
-- 721498
-- CBU-MAIN LIBRARY (Kitwe)
-- 1
-- 48.95
-- QA 303 Sim
-- 1
-- LOST
-- 011837
-- Main Library Open Access Collection
995 ## -
-- BINDERY (DAMAGED)
-- 0.00
-- 721497
-- CBU-MAIN LIBRARY (Kitwe)
-- 2
-- 48.95
-- QA 303 Sim
-- 2
-- DAMAGED
-- 011836
-- Main Library Open Access Collection
999 ## -
-- 77999
-- 77999
Holdings
Withdrawn status Lost status Source of classification or shelving scheme Damaged status Not for loan Permanent Location Current Location Shelving location Date acquired Total Checkouts Full call number Barcode Date last seen Copy number Price effective from Koha item type
          CBU-MAIN LIBRARY, KITWE. CBU-MAIN LIBRARY, KITWE.   05/03/2023   QA 303 Sim 011837 05/03/2023 1 05/03/2023 MONOGRAPH
          CBU-MAIN LIBRARY, KITWE. CBU-MAIN LIBRARY, KITWE.   05/03/2023   QA 303 Sim 011836 05/03/2023 2 05/03/2023 MONOGRAPH